[Event "Budapest FS08 IM"]
[Site "Budapest"]
[Date "2004.08.16"]
[Round "10"]
[White "Zigangirova, Sofya"]
[Black "Rasmussen, Rogvi W"]
[Result "1-0"]
[WhiteElo "2278"]
[BlackElo "2142"]
[PlyCount "135"]
[EventDate "2004.08.07"]
[EventType "tourn"]
[EventRounds "13"]
[EventCountry "HUN"]
[EventCategory "2"]
[SourceTitle "EXT 2005"]
[Source "ChessBase"]
[SourceDate "2004.11.15"]
[SourceVersion "1"]
[SourceVersionDate "2004.11.15"]
[SourceQuality "1"]

1. e4 e5 2. Nf3 Nc6 3. Bb5 a6 4. Ba4 Nf6 5. d3 Bc5 6. 0-0 d6 7. c3 b5 8. Bb3 Bb6 9. a4 Bg4 10. h3 Bd7 11. Re1 0-0 12. Bg5 Rb8 13. axb5 axb5 14. d4 h6 15. Bh4 g5 16. Bg3 Qe7 17. Na3 g4 18. dxe5 gxf3 19. exf6 Qxf6 20. e5 Qg5 21. Qxf3 Nxe5 22. Bxe5 dxe5 23. h4 Qxh4 24. Rxe5 Bc6 25. Bd5 Bxd5 26. Rxd5 f5 27. Rxb5 Rbd8 28. Rb4 f4 29. Rf1 Rf5 30. Rb5 Rdf8 31. Qh3 Qxh3 32. gxh3 Rxb5 33. Nxb5 Rf5 34. Nd4 Bxd4 35. cxd4 Rb5 36. Rc1 Rxb2 37. Rxc7 Rb3 38. Kg2 Rd3 39. Rd7 Kh8 40. h4 Kg8 41. h5 Kf8 42. Rh7 Rxd4 43. Rxh6 Rd5 44. Kf3 Kf7 45. Kxf4 Ra5 46. Kg4 Rb5 47. Rh7+ Kf6 48. Ra7 Rg5+ 49. Kh4 Rf5 50. Ra6+ Kg7 51. Ra2 Kf6 52. h6 Kg6 53. Ra6+ Kh7 54. Kg3 Rb5 55. Kg4 Rc5 56. f4 Rb5 57. Re6 Rb1 58. Kg5 Rg1+ 59. Kf6 Kxh6 60. f5 Ra1 61. Ke7+ Kg5 62. f6 Kf5 63. Rc6 Ra7+ 64. Ke8 Ra8+ 65. Kf7 Ra5 66. Kg7 Ra1 67. f7 Rg1+ 68. Kh7 1-0

[Event "Budapest FS08 IM"]
[Site "Budapest"]
[Date "2004.08.15"]
[Round "9"]
[White "Rasmussen, Rogvi W"]
[Black "Esposito, Luca"]
[Result "1-0"]
[WhiteElo "2142"]
[BlackElo "2232"]
[PlyCount "49"]
[EventDate "2004.08.07"]
[EventType "tourn"]
[EventRounds "13"]
[EventCountry "HUN"]
[EventCategory "2"]
[SourceTitle "EXT 2005"]
[Source "ChessBase"]
[SourceDate "2004.11.15"]
[SourceVersion "1"]
[SourceVersionDate "2004.11.15"]
[SourceQuality "1"]

1. d4 d5 2. c4 c6 3. cxd5 cxd5 4. Nc3 Nf6 5. Bf4 Nc6 6. Nf3 Qb6 7. a3 Qxb2 8. Na4 Qb5 9. Bd2 Nb8 10. e4 Qd7 11. Ne5 Qd8 12. Bb5+ Nbd7 13. Nc5 e6 14. Ncxd7 Bxd7 15. Nxd7 Nxd7 16. exd5 exd5 17. 0-0 Be7 18. Qg4 g6 19. Rfe1 f5 20. Qe2 Rf8 21. Bg5 Rf7 22. Qe5 a6 23. Qh8+ Rf8 24. Qxh7 Rf7 25. Qg8+ 1-0

[Event "Budapest FS08 IM"]
[Site "Budapest"]
[Date "2004.08.13"]
[Round "7"]
[White "Rasmussen, Rogvi W"]
[Black "Alfred, Nathan"]
[Result "0-1"]
[WhiteElo "2142"]
[BlackElo "2349"]
[PlyCount "132"]
[EventDate "2004.08.07"]
[EventType "tourn"]
[EventRounds "13"]
[EventCountry "HUN"]
[EventCategory "2"]
[SourceTitle "EXT 2005"]
[Source "ChessBase"]
[SourceDate "2004.11.15"]
[SourceVersion "1"]
[SourceVersionDate "2004.11.15"]
[SourceQuality "1"]

1. d4 Nf6 2. c4 g6 3. Nc3 Bg7 4. e4 d6 5. Nf3 0-0 6. Be2 e5 7. d5 a5 8. Bg5 h6 9. Bh4 Na6 10. Nd2 Qe8 11. a3 Bd7 12. b3 Nh7 13. 0-0 h5 14. f3 Bh6 15. Qc2 f5 16. exf5 gxf5 17. Bd3 Nc5 18. Rae1 Qf7 19. b4 Nxd3 20. Qxd3 axb4 21. axb4 Ra3 22. Ndb1 Ra1 23. Nd2 Ra3 24. Ndb1 Ra1 25. Nd2 Rxe1 26. Rxe1 Ra8 27. Qc2 Nf8 28. Kh1 Ng6 29. Bf2 h4 30. Ne2 Kh8 31. Nb1 b5 32. Qd3 h3 33. gxh3 Kh7 34. Nbc3 e4 35. fxe4 Ne5 36. Qc2 Qh5 37. Ng1 bxc4 38. exf5 Bxf5 39. Ne4 Qg6 40. Bd4 Bg7 41. Bxe5 Bxe5 42. Nf3 Bxe4 43. Qxe4 Qxe4 44. Rxe4 Ra1+ 45. Re1 Rxe1+ 46. Nxe1 Kg6 47. Kg2 Kf5 48. Kf3 Bxh2 49. Ke3 Bg1+ 50. Kd2 Ke4 51. Kc3 Kxd5 52. Nf3 Be3 53. h4 Bh6 54. Ng5 Bg7+ 55. Kc2 Bf6 56. Nf3 Kc6 57. h5 Kb5 58. h6 Kxb4 59. Nh2 d5 60. Ng4 Bh8 61. Ne3 c6 62. Nf5 d4 63. Ne7 d3+ 64. Kc1 c5 65. Ng6 Bd4 66. Nf4 Be3+ 0-1

[Event "Budapest FS07 IM-A"]
[Site "Budapest"]
[Date "2000.07.10"]
[Round "10"]
[White "Eriksson, Johan"]
[Black "Rasmussen, Rogvi W"]
[Result "1-0"]
[WhiteElo "2364"]
[BlackElo "2139"]
[PlyCount "57"]
[EventDate "2000.07.03"]
[EventType "tourn"]
[EventRounds "13"]
[EventCountry "HUN"]
[EventCategory "2"]
[SourceTitle "CBM 077 Extra"]
[Source "ChessBase"]
[SourceDate "2000.09.14"]
[SourceVersion "1"]
[SourceVersionDate "2000.09.14"]
[SourceQuality "1"]

1. d4 d5 2. c4 c6 3. Nf3 Nf6 4. Nc3 e6 5. Bg5 h6 6. Bh4 dxc4 7. e4 g5 8. Bg3 b5 9. Be2 Bb4 10. e5 Nd5 11. Rc1 Qa5 12. 0-0 Nxc3 13. bxc3 Bxc3 14. h4 Bb4 15. hxg5 hxg5 16. Nxg5 Qxa2 17. Bh5 Kd7 18. Rc2 Qb3 19. Bxf7 Kc7 20. d5 exd5 21. e6+ Kb7 22. Qd4 Rh1+ 23. Kxh1 Qxc2 24. Qe5 Na6 25. e7 Bd7 26. e8Q Bxe8 27. Bxe8 Qc3 28. Bxc6+ Kxc6 29. Qe6+ 1-0

[Event "Budapest FS07 IM-A"]
[Site "Budapest"]
[Date "2000.07.04"]
[Round "4"]
[White "Erenburg, Sergey"]
[Black "Rasmussen, Rogvi W"]
[Result "1-0"]
[WhiteElo "2325"]
[BlackElo "2139"]
[PlyCount "41"]
[EventDate "2000.07.03"]
[EventType "tourn"]
[EventRounds "13"]
[EventCountry "HUN"]
[EventCategory "2"]
[SourceTitle "CBM 077 Extra"]
[Source "ChessBase"]
[SourceDate "2000.09.14"]
[SourceVersion "1"]
[SourceVersionDate "2000.09.14"]
[SourceQuality "1"]

1. e4 e5 2. Nf3 Nc6 3. Bb5 a6 4. Bxc6 dxc6 5. 0-0 Qd6 6. Na3 Be6 7. Qe2 f6 8. c3 c5 9. Rd1 Bg4 10. Nc2 Qe6 11. d4 Bd6 12. Ne3 Bh5 13. Nf5 Bxf3 14. Qxf3 Kf7 15. dxe5 Bxe5 16. Bf4 Bxf4 17. Qxf4 Rc8 18. Rd5 b6 19. Rad1 Ne7 20. Rd7 Rhe8 21. Qg4 1-0

[Event "Budapest FS07 IM-A"]
[Site "Budapest"]
[Date "2000.07.02"]
[Round "2"]
[White "Lindgren, Fredrik"]
[Black "Rasmussen, Rogvi W"]
[Result "1-0"]
[WhiteElo "2177"]
[BlackElo "2139"]
[PlyCount "57"]
[EventDate "2000.07.03"]
[EventType "tourn"]
[EventRounds "13"]
[EventCountry "HUN"]
[EventCategory "2"]
[SourceTitle "CBM 077 Extra"]
[Source "ChessBase"]
[SourceDate "2000.09.14"]
[SourceVersion "1"]
[SourceVersionDate "2000.09.14"]
[SourceQuality "1"]

1. d4 d5 2. Nf3 Nf6 3. g3 c6 4. Bg2 e6 5. 0-0 Be7 6. Nbd2 0-0 7. c4 b6 8. b3 Bb7 9. Bb2 Nbd7 10. Qc2 Rc8 11. e4 c5 12. exd5 exd5 13. dxc5 dxc4 14. b4 Ba6 15. c6 c3 16. Qxc3 Nb8 17. Nd4 Bxf1 18. Nxf1 Re8 19. Ne3 Na6 20. Rd1 Bxb4 21. Qc4 b5 22. Nxb5 Qb6 23. Bxf6 gxf6 24. Nd5 Qc5 25. Nxf6+ Kg7 26. Nxe8+ Rxe8 27. Qg4+ Kh8 28. c7 Ba5 29. Nd6 1-0

[Event "Holberg"]
[Site "Dianalund"]
[Date "2000.02.16"]
[Round "3"]
[White "Rasmussen, Rogvi W"]
[Black "Jorgensen, Gert"]
[Result "0-1"]
[WhiteElo "2104"]
[BlackElo "2032"]
[PlyCount "62"]
[EventDate "2000.02.14"]
[EventType "tourn"]
[EventRounds "7"]
[EventCountry "DEN"]
[SourceTitle "EXT 2018"]
[Source "ChessBase"]
[SourceDate "2017.10.13"]
[SourceVersion "1"]
[SourceVersionDate "2017.10.13"]
[SourceQuality "1"]

1. d4 d5 2. c4 e6 3. Nf3 f5 4. g3 Nf6 5. Bg2 Be7 6. 0-0 0-0 7. Qc2 c6 8. Nc3 Ne4 9. Rb1 Nd7 10. b4 Bf6 11. b5 Nb6 12. c5 Nc4 13. e3 Bd7 14. a4 Qa5 15. Nxe4 fxe4 16. Bd2 Qd8 17. Ne1 Na3 18. Qb2 Nxb1 19. Qxb1 e5 20. Nc2 Qc8 21. Rc1 Bh3 22. Bh1 Qf5 23. Be1 exd4 24. Nxd4 Bxd4 25. exd4 e3 26. Qxf5 Rxf5 27. f3 Raf8 28. Rb1 Rxf3 29. Bxf3 Rxf3 30. Ba5 e2 31. bxc6 Rf1+ 0-1

[Event "Olympiad-33"]
[Site "Elista"]
[Date "1998.10.11"]
[Round "12.3"]
[White "Rasmussen, Rogvi W"]
[Black "Solomon, Kenny"]
[Result "0-1"]
[WhiteElo "2140"]
[BlackElo "2215"]
[PlyCount "138"]
[EventDate "1998.09.29"]
[EventType "team-swiss"]
[EventRounds "13"]
[EventCountry "RUS"]
[SourceTitle "CBM 068"]
[Source "ChessBase"]
[SourceDate "1999.02.01"]
[SourceVersion "1"]
[SourceVersionDate "1999.02.01"]
[SourceQuality "1"]
[WhiteTeam "Faroe Islands"]
[BlackTeam "South Africa"]
[WhiteTeamCountry "FAI"]
[BlackTeamCountry "RSA"]

1. d4 Nf6 2. c4 e6 3. g3 d5 4. Bg2 Be7 5. Nf3 0-0 6. 0-0 dxc4 7. Qc2 a6 8. Qxc4 b5 9. Qc2 Bb7 10. Bf4 Nd5 11. Nc3 Nxf4 12. gxf4 Nd7 13. Rfd1 Qc8 14. Ne4 f5 15. Nc5 Nxc5 16. dxc5 Be4 17. Qc3 Bf6 18. Ne5 Bxg2 19. Kxg2 Bxe5 20. Qxe5 Qb7+ 21. f3 Qc6 22. Rd3 Rad8 23. Rad1 Rxd3 24. Rxd3 Kf7 25. Kf2 Re8 26. e4 g6 27. b4 Rf8 28. Rd1 Re8 29. Kg3 Rg8 30. Rd2 Re8 31. Kh4 h6 32. Kg3 Rf8 33. Rd1 Re8 34. Kf2 Rg8 35. Ke3 Re8 36. Qd4 Qa8 37. Rd2 Qc6 38. h4 h5 39. Kd3 Rf8 40. Kc3 Re8 41. Kb3 Qa8 42. Rd1 Qc6 43. Qe5 Rf8 44. Rd3 Re8 45. Kc3 Rg8 46. Kd2 Rf8 47. Ke3 Re8 48. Qd4 Qa8 49. a4 bxa4 50. Qd7+ Re7 51. Qxa4 fxe4 52. fxe4 e5 53. Qa2+ Kg7 54. Qb2 Qc8 55. Qg2 exf4+ 56. Kxf4 Qe6 57. Ke3 Qc4 58. Qb2+ Kh7 59. Qd4 Qc1+ 60. Rd2 Qe1+ 61. Kd3 Qg3+ 62. Kc4 Qxh4 63. e5 Qxd4+ 64. Rxd4 g5 65. c6 Kg6 66. Rd7 Kf7 67. Kd5 h4 68. Rd6 cxd6 69. exd6 h3 0-1

[Event "Olympiad-33"]
[Site "Elista"]
[Date "1998.10.09"]
[Round "10.3"]
[White "Rasmussen, Rogvi W"]
[Black "Silva, Fernando"]
[Result "1/2-1/2"]
[WhiteElo "2140"]
[BlackElo "2310"]
[PlyCount "118"]
[EventDate "1998.09.29"]
[EventType "team-swiss"]
[EventRounds "13"]
[EventCountry "RUS"]
[SourceTitle "CBM 068"]
[Source "ChessBase"]
[SourceDate "1999.02.01"]
[SourceVersion "1"]
[SourceVersionDate "1999.02.01"]
[SourceQuality "1"]
[WhiteTeam "Faroe Islands"]
[BlackTeam "Portugal"]
[WhiteTeamCountry "FAI"]
[BlackTeamCountry "POR"]

1. d4 g6 2. Nf3 Bg7 3. c4 d6 4. g3 Nf6 5. Bg2 0-0 6. 0-0 c5 7. dxc5 dxc5 8. Nc3 Nc6 9. Bf4 Qa5 10. Ne5 Nxe5 11. Bxe5 Qb4 12. b3 Bg4 13. Qc2 Rad8 14. Rad1 Qb6 15. Rxd8 Rxd8 16. Rd1 Rxd1+ 17. Qxd1 h5 18. f3 Bf5 19. e4 Be6 20. Bf4 Qa5 21. Qd2 a6 22. Nd5 Qxd2 23. Nxf6+ Bxf6 24. Bxd2 Bd4+ 25. Kh1 Bd7 26. Bf1 e5 27. Kg2 f6 28. Be2 Kf7 29. Bd1 Bc6 30. Bc2 Ke7 31. h3 Bd7 32. g4 hxg4 33. hxg4 Kd6 34. Kf1 Bc6 35. Bd3 Be8 36. Ke2 Bf7 37. Kd1 Kc6 38. Kc2 Bf2 39. Bf1 Be6 40. Bd3 Bd4 41. Ba5 Be3 42. Bd2 Bf2 43. Kd1 Bd7 44. Kc2 Kd6 45. Kd1 Bc6 46. Ke2 Bd4 47. Ba5 Bb2 48. a4 Bc1 49. Be1 b6 50. Bh4 Ke6 51. Bf2 a5 52. Bh4 Kf7 53. Bf2 Bg5 54. Bg3 Kg7 55. Be1 Kh6 56. Bg3 Bf4 57. Bh4 Kg7 58. Bc2 g5 59. Be1 Bxa4 1/2-1/2

[Event "VISA GP"]
[Site "Reykjavik"]
[Date "1998.03.14"]
[Round "5"]
[White "Hillarp Persson, Tiger"]
[Black "Rasmussen, Rogvi W"]
[Result "1-0"]
[WhiteElo "2410"]
[BlackElo "2115"]
[PlyCount "69"]
[EventDate "1998.03.10"]
[EventType "swiss"]
[EventRounds "9"]
[EventCountry "ISL"]
[SourceTitle "CBM 064"]
[Source "ChessBase"]
[SourceDate "1998.06.02"]
[SourceVersion "1"]
[SourceVersionDate "1998.06.02"]
[SourceQuality "1"]

1. d4 d5 2. c4 c6 3. Nf3 Nf6 4. Nc3 e6 5. Bg5 h6 6. Bxf6 Qxf6 7. e3 Nd7 8. Bd3 dxc4 9. Bxc4 g6 10. 0-0 Bg7 11. Rc1 0-0 12. Qe2 Qe7 13. Rfe1 Rd8 14. e4 Nf6 15. e5 Ne8 16. h4 h5 17. Ne4 b6 18. Ba6 Bb7 19. Bxb7 Qxb7 20. Rc3 Rac8 21. Rec1 Bh6 22. R1c2 Bf8 23. Qe3 Rd7 24. Qf4 Be7 25. Qh6 Bf8 26. Qc1 c5 27. Qf4 Rdc7 28. dxc5 bxc5 29. Rc4 Rc6 30. b3 Qe7 31. b4 Qd7 32. bxc5 Rb8 33. Rd2 Qc7 34. Rcd4 Rb7 35. Rd8 1-0

[Event "Olympiad-32"]
[Site "Yerevan"]
[Date "1996.09.27"]
[Round "11.4"]
[White "Rasmussen, Rogvi W"]
[Black "Yasseen, Aly"]
[Result "0-1"]
[WhiteElo "2100"]
[BlackElo "2350"]
[PlyCount "78"]
[EventDate "1996.09.15"]
[EventType "team-swiss"]
[EventRounds "14"]
[EventCountry "ARM"]
[SourceTitle "CBM 055"]
[Source "ChessBase"]
[SourceDate "1996.12.01"]
[SourceVersion "1"]
[SourceVersionDate "1996.12.01"]
[SourceQuality "1"]
[WhiteTeam "Faroe Islands"]
[BlackTeam "Egypt"]
[WhiteTeamCountry "FAI"]
[BlackTeamCountry "EGY"]

1. d4 Nf6 2. c4 g6 3. g3 Bg7 4. Bg2 d6 5. Nf3 0-0 6. 0-0 Nbd7 7. Nc3 e5 8. h3 Re8 9. e4 exd4 10. Nxd4 Nc5 11. Re1 a5 12. b3 c6 13. Bb2 Qb6 14. Qc2 a4 15. Rad1 axb3 16. axb3 Nfd7 17. Nce2 Ne5 18. Nc1 Rf8 19. Kh2 Ne6 20. Nxe6 fxe6 21. f4 Nf7 22. Bxg7 Kxg7 23. Nd3 Kg8 24. c5 dxc5 25. e5 Nh6 26. Nxc5 Nf5 27. Qc4 Ra2 28. h4 Kh8 29. Kh3 Rf2 30. Rd3 Qa7 31. Nxe6 Ng7 32. f5 R8xf5 33. g4 Bxe6 34. Qb4 Rf8 35. Rf1 Rxf1 36. Bxf1 Qf2 37. Bg2 h5 38. Qc4 Bxg4+ 39. Kh2 Bf5 0-1

[Event "Olympiad-32"]
[Site "Yerevan"]
[Date "1996.09.18"]
[Round "3.3"]
[White "Rasmussen, Rogvi W"]
[Black "Savva, Panikos"]
[Result "1-0"]
[WhiteElo "2100"]
[BlackElo "2190"]
[PlyCount "71"]
[EventDate "1996.09.15"]
[EventType "team-swiss"]
[EventRounds "14"]
[EventCountry "ARM"]
[SourceTitle "CBM 055"]
[Source "ChessBase"]
[SourceDate "1996.12.01"]
[SourceVersion "1"]
[SourceVersionDate "1996.12.01"]
[SourceQuality "1"]
[WhiteTeam "Faroe Islands"]
[BlackTeam "Cyprus"]
[WhiteTeamCountry "FAI"]
[BlackTeamCountry "CYP"]

1. d4 Nf6 2. Nf3 g6 3. c4 Bg7 4. Nc3 d5 5. Bg5 Ne4 6. Bf4 Nxc3 7. bxc3 c5 8. e3 0-0 9. Bd3 cxd4 10. cxd4 Qa5+ 11. Qd2 Qxd2+ 12. Kxd2 dxc4 13. Bxc4 Nc6 14. Rab1 h6 15. Rhc1 Rd8 16. Ke2 Re8 17. Bd5 Nd8 18. Rc7 Ne6 19. Bxe6 Bxe6 20. Rbxb7 Bxa2 21. Rxe7 Rxe7 22. Rxe7 a5 23. Rc7 a4 24. Bd6 Bf8 25. Bxf8 Kxf8 26. Rc1 Bd5 27. Ra1 a3 28. Nd2 Bxg2 29. Nb1 Rb8 30. Nxa3 Rb2+ 31. Ke1 Be4 32. Nc4 Rc2 33. Nd2 Bd3 34. Kd1 Rc6 35. Ra3 Bf5 36. e4 1-0